Suosituimmat tyttöjen etunimet vuosikymmenittäin - Statistics

Yleistilastot
  • Tätä visaa on pelattu 1 017 kertaa
  • Keskiarvotulos 103 / 200
Vastaustilastot
% Oikein
Mari
88%
Anna
84%
Anni
84%
Maria
79%
Marja
78%
Anne
77%
Liisa
77%
Aino
75%
Ella
73%
Hanna
70%
Olivia
69%
Sofia
68%
Leena
65%
Sanna
65%
Elli
64%
Emma
64%
Aada
62%
Elina
62%
Minna
62%
Johanna
61%
Sari
61%
Tiina
61%
Ida
60%
Iida
60%
Emilia
59%
Laura
59%
Helmi
58%
Jenni
57%
Venla
57%
Jenna
55%
Julia
55%
Ritva
54%
Eeva
53%
Kerttu
51%
Veera
51%
Elsa
50%
Pirjo
50%
Sara
50%
Tuula
50%
Vilma
50%
Niina
49%
Nina
49%
Oona
49%
Ulla
49%
Hilma
48%
Tarja
48%
Heidi
47%
Henna
47%
Jaana
47%
Noora
47%
Päivi
47%
Jonna
46%
Enni
45%
Merja
45%
Riitta
45%
Siiri
45%
Pirkko
44%
Raija
44%
Ellen
43%
Kirsi
43%
Lilja
43%
Amanda
42%
Eevi
40%
Martta
40%
Miia
40%
Arja
39%
Linnea
39%
Katja
38%
Pia
38%
Satu
38%
Tanja
38%
Tuija
38%
Eija
37%
Hilda
37%
Hilla
37%
Milla
37%
Nea
37%
Eila
36%
Seija
36%
Suvi
36%
Aava
35%
Anja
35%
Hilja
35%
Sirpa
35%
Viola
35%
Kati
34%
Pihla
34%
Tiia
34%
Sirkka
33%
Isla
32%
Roosa
32%
Hilkka
30%
Kirsti
30%
Aili
28%
Anu
28%
Terttu
25%
Olga
24%
Aune
23%
Irja
23%
Ester
22%
Helvi
22%
Tyyne
22%
Raili
21%
Aina
19%
Taimi
18%
Maire
16%
Saima
16%
Lempi
14%
Toini
11%
Ehtoja vastaavia visoja ei löytynyt
Tulosjakauma
Jokaisen tuloksen saaneiden osuus
Persentiili vastausten määrän mukaan
Tuloshistoriasi
Et ole pelannut tätä visaa